000 01237nam0a2200325 i 4500
001 RU\NLR\BIBL_A\010700131
005 20241105182412.0
010 _a9785444802410
_91000
021 _aRU
_b2015-6439
_9405
035 _a(NILC)RuMoRGB-007863405
035 _a(NLR Aleph) 010700131
090 _a9719143
_c9719143
100 _a20150316d2015 u y0rusy50 ca
101 0 _arus
102 _aRU
105 _aa|||z|||000yy
200 1 _aВнутри картины
_eстатьи и диалоги о современном искусстве
_fИосиф Бакштейн
210 _aМосква
_cНовое лит. обозрение
_d2015
215 _a456 с.
_d22
225 1 _aОчерки визуальности
600 1 _aБакштейн
_bИ. М.
_f1945
_gИосиф Маркович
_92225630
_3RU\NLR\AUTH\6601569027
606 _aИзобразительное искусство русское
_z20 - 21 вв.
_92347976
_3RU\NLR\AUTH\661402980
686 1 _aЩ10г(2)7д Бакштейн
686 1 _aЩ103(2Р)7
700 1 _aБакштейн
_bИ. М.
_f1945-
_gИосиф Маркович
801 0 _aRU
_bРГБ
_c20150115
_gRCR
942 _cBOOK
980 _aNBR